Little wars: (Record no. 549277)

000 -LEADER
fixed length control field 00700cam a2200169 4500
020 ## - INTERNATIONAL STANDARD BOOK NUMBER
International Standard Book Number 0853680256
082 00 - DEWEY DECIMAL CLASSIFICATION NUMBER
Classification number 793.92
Author Mark WEL
-- L-30. P-45
100 1# - MAIN ENTRY--PERSONAL NAME
Personal name Wells, H. G.
9 (RLIN) 45844
245 10 - TITLE STATEMENT
Title Little wars:
Remainder of title a game for boys from twelve years of age to one hundred and fifty & for that more intelligent sort of girl who likes boys' games and books:
Statement of responsibility, etc. with an appendix on Kriegspiel; with marginal drawings by J. R. Sinclair.
260 ## - PUBLICATION, DISTRIBUTION, ETC.
Place of publication, distribution, etc. London,
Name of publisher, distributor, etc. Arms & Armour P.,
Date of publication, distribution, etc. 1970.
300 ## - PHYSICAL DESCRIPTION
Extent [6], 111 p., 16 plates.
Other physical details illus.
Dimensions 26 cm.
500 ## - GENERAL NOTE
General note Facsim. of 1st ed. London, Palmer, 1913.
526 ## - STUDY PROGRAM INFORMATION NOTE
Program name 0
Interest level 0
Reading level 0
Title point value 793_920000000000000_WEL
650 #0 - SUBJECT ADDED ENTRY--TOPICAL TERM
Topical term or geographic name entry element MCE
9 (RLIN) 379
650 #0 - SUBJECT ADDED ENTRY--TOPICAL TERM
Topical term or geographic name entry element War games.
9 (RLIN) 45845
942 ## - ADDED ENTRY ELEMENTS (KOHA)
Source of classification or shelving scheme
Koha item type Book
Holdings
Withdrawn status Lost status Source of classification or shelving scheme Damaged status Not for loan Permanent Location Current Location Date acquired Total Checkouts Full call number Barcode Date last seen Date last checked out Price effective from Koha item type
          Military College of Engineering (MCE) Military College of Engineering (MCE) 09/23/2014 1 793.92 WEL MCE-3956 03/14/2018 03/14/2018 03/14/2021 Book
© 2023 Central Library, National University of Sciences and Technology. All Rights Reserved.